[Event "75. Campeonato Brasileiro 2008 - Semifi"]
[Site "Dois Irmãos BRA"]
[Date "2008.10.30"]
[Round "2.12"]
[White "Veit, Darlan Rodrigo"]
[Black "Name, Gabriel Ricardo Sal"]
[Result "0-1"]
[WhiteElo "2123"]
[BlackElo "2235"]
[PlyCount "42"]
[EventDate "2008.10.30"]
[EventRounds "7"]
[EventCountry "BRA"]
[Source "lmi"]
[SourceDate "2008.10.30"]

1. e4 e6 2. d4 d5 3. e5 c5 4. c3 Qb6 5. Nf3 Bd7 6. Be2 Bb5 7. c4 Bxc4 8. Bxc4
dxc4 9. d5 Ne7 10. Qa4+ Nd7 11. dxe6 Qxe6 12. O-O Nc6 13. Ng5 Qg6 14. Re1 Nb6
15. Qb5 Be7 16. Nf3 O-O 17. Na3 Nb4 18. Bd2 a6 19. Qa5 Nd3 20. Re2 Nd5 21. Nxc4
N5f4 0-1

[Event "75. Campeonato Brasileiro 2008 - Semifi"]
[Site "Dois Irmãos BRA"]
[Date "2008.10.30"]
[Round "2.13"]
[White "Mascarenhas, Alberto Pinheiro"]
[Black "Torres, Douglas Da Silva"]
[Result "1-0"]
[WhiteElo "2228"]
[BlackElo "2083"]
[PlyCount "67"]
[EventDate "2008.10.30"]
[EventRounds "7"]
[EventCountry "BRA"]
[Source "lmi"]
[SourceDate "2008.10.30"]

1. d4 Nf6 2. c4 g6 3. Nc3 Bg7 4. e4 d6 5. Be2 O-O 6. g4 c5 7. g5 Nxe4 8. Nxe4
cxd4 9. Nf3 Nc6 10. O-O d5 11. cxd5 Qxd5 12. Ng3 Bh3 13. Re1 f5 14. Qb3 Qxb3
15. axb3 e5 16. Bc4+ Kh8 17. Bd2 e4 18. Nh4 e3 19. fxe3 dxe3 20. Rxe3 f4 21.
Re4 Bxb2 22. Rb1 Bg7 23. Rxf4 Rxf4 24. Bxf4 Bd4+ 25. Kh1 Rf8 26. Ne2 Bg7 27.
Bg3 Ne5 28. Bd5 Nd3 29. Bxb7 Nf2+ 30. Kg1 Nd3 31. Be4 Nc5 32. Bg2 Bg4 33. Bd6
Bxe2 34. Bxc5 1-0

[Event "75. Campeonato Brasileiro 2008 - Semifi"]
[Site "Dois Irmãos BRA"]
[Date "2008.10.30"]
[Round "2.14"]
[White "Chaves, Joara"]
[Black "Barbosa, Evandro Amorim"]
[Result "0-1"]
[WhiteElo "2065"]
[BlackElo "2182"]
[PlyCount "100"]
[EventDate "2008.10.30"]
[EventRounds "7"]
[EventCountry "BRA"]
[Source "lmi"]
[SourceDate "2008.10.30"]

1. e4 c5 2. Nc3 g6 3. f4 Bg7 4. Nf3 Nc6 5. Bb5 Nd4 6. O-O a6 7. Bd3 d6 8. Nxd4
cxd4 9. Ne2 Nf6 10. c3 dxc3 11. bxc3 O-O 12. Ng3 Bd7 13. Bc2 Rc8 14. Qe1 Qa5
15. Kh1 Bc6 16. Bb2 Nd7 17. d4 Nb6 18. Bb3 Na4 19. Rb1 Nxb2 20. Rxb2 Bb5 21.
Ne2 Bxe2 22. Qxe2 Qxc3 23. f5 Qxd4 24. Rd2 Qb4 25. Rd3 Rc3 26. Rdf3 Rxf3 27.
Qxf3 Bf6 28. Qg4 Kg7 29. h3 Qc5 30. Qf3 b5 31. Rd1 Rc8 32. Qg4 a5 33. h4 a4 34.
Bd5 h5 35. Qf3 Qc2 36. fxg6 fxg6 37. Rf1 Rc3 38. Qf4 b4 39. e5 dxe5 40. Qxb4
Qd2 41. Qb7 Rc5 42. Rxf6 Qe1+ 43. Kh2 Qxh4+ 44. Kg1 Qxf6 45. Bf3 Rc1+ 46. Kf2
Qh4+ 47. g3 Rc2+ 48. Kf1 Qc4+ 49. Kg1 Qd4+ 50. Kh1 Qa1+ 0-1

[Event "75. Campeonato Brasileiro 2008 - Semifi"]
[Site "Dois Irmãos BRA"]
[Date "2008.10.30"]
[Round "2.15"]
[White "Rocha, Cesidio Monteiro"]
[Black "Shumyatsky, Victor"]
[Result "0-1"]
[WhiteElo "2157"]
[BlackElo "2063"]
[PlyCount "48"]
[EventDate "2008.10.30"]
[EventRounds "7"]
[EventCountry "BRA"]
[Source "lmi"]
[SourceDate "2008.10.30"]

1. e4 c5 2. Nf3 Nc6 3. d4 cxd4 4. Nxd4 Nf6 5. Nc3 d6 6. f3 e5 7. Nb3 Be7 8. Bg5
Be6 9. Qd2 h6 10. Be3 O-O 11. O-O-O a5 12. a4 Nb4 13. Kb1 Qc8 14. Rc1 d5 15.
exd5 Nfxd5 16. Nxd5 Nxd5 17. h4 Qc7 18. Bd3 Nb4 19. Bb5 Rfd8 20. Qf2 Bf5 21.
Na1 Qd6 22. b3 Nd5 23. Bd2 Qa3 24. Bxa5 Bb4 0-1

[Event "75. Campeonato Brasileiro 2008 - Semifi"]
[Site "Dois Irmãos BRA"]
[Date "2008.10.31"]
[Round "3.1"]
[White "Prates, Fabiano Fortes"]
[Black "Di Berardino, Diego Rafael"]
[Result "0-1"]
[WhiteElo "2298"]
[BlackElo "2502"]
[PlyCount "76"]
[EventDate "2008.10.30"]
[EventRounds "7"]
[EventCountry "BRA"]
[Source "lmi"]
[SourceDate "2008.10.30"]

1. e4 c5 2. Nf3 d6 3. c3 Nf6 4. h3 Nc6 5. Bd3 d5 6. e5 Nd7 7. Qe2 Qc7 8. Bb5 a6
9. Bxc6 bxc6 10. d3 e6 11. O-O Be7 12. Re1 h6 13. h4 a5 14. Nbd2 O-O 15. Nf1
Ba6 16. c4 Rae8 17. Bf4 Qb6 18. Ne3 f6 19. Ng4 f5 20. Nxh6+ gxh6 21. Bxh6 Rf7
22. Ng5 Bxg5 23. hxg5 Nf8 24. Qh5 Qc7 25. Re3 f4 26. Ree1 Qe7 27. f3 Rf5 28.
Bxf8 Rfxf8 29. Kf2 Qg7 30. Rh1 Re7 31. g6 Rf5 32. Qh4 Qxe5 33. Rae1 Qd4+ 34.
Kf1 Qxd3+ 35. Re2 Qd1+ 36. Kf2 Qd4+ 37. Ke1 Qf6 38. Qh2 Bxc4 0-1

[Event "75. Campeonato Brasileiro 2008 - Semifi"]
[Site "Dois Irmãos BRA"]
[Date "2008.10.31"]
[Round "3.2"]
[White "Bittencourt, Jorge"]
[Black "Silva, Eduardo Munoa"]
[Result "1-0"]
[WhiteElo "2455"]
[BlackElo "2045"]
[PlyCount "72"]
[EventDate "2008.10.30"]
[EventRounds "7"]
[EventCountry "BRA"]
[Source "lmi"]
[SourceDate "2008.10.30"]

1. e4 c6 2. d4 d5 3. Nd2 dxe4 4. Nxe4 Bf5 5. Ng3 Bg6 6. h4 h6 7. Nf3 Nf6 8. Ne5
Bh7 9. Bd3 Bxd3 10. Qxd3 e6 11. Bd2 Be7 12. O-O-O O-O 13. f4 c5 14. dxc5 Qc7
15. Ne4 Nxe4 16. Qxe4 Bxc5 17. Bc3 a5 18. Rh3 Ra6 19. f5 exf5 20. Qxf5 Bb4 21.
a3 Bxc3 22. Rxc3 Qe7 23. Nf3 a4 24. Rc8 Rd6 25. Rxf8+ Qxf8 26. Rxd6 Qxd6 27.
Qc8+ Kh7 28. Qxb7 Qf4+ 29. Kb1 f5 30. Qb4 Qxb4 31. axb4 Kg6 32. c4 Kh5 33. c5
f4 34. b5 g5 35. hxg5 hxg5 36. c6 g4 1-0

[Event "75. Campeonato Brasileiro 2008 - Semifi"]
[Site "Dois Irmãos BRA"]
[Date "2008.10.31"]
[Round "3.3"]
[White "Santiago, Yago De Moura"]
[Black "Oliveira, Silvio Eduardo"]
[Result "1-0"]
[WhiteElo "2249"]
[BlackElo "2345"]
[PlyCount "90"]
[EventDate "2008.10.30"]
[EventRounds "7"]
[EventCountry "BRA"]
[Source "lmi"]
[SourceDate "2008.10.30"]

1. e4 c5 2. Nf3 d6 3. d4 cxd4 4. Nxd4 Nf6 5. Nc3 a6 6. g3 e5 7. Nde2 Be6 8. Bg2
Nbd7 9. O-O b5 10. h3 Be7 11. g4 Nb6 12. Ng3 g6 13. Bh6 Bc4 14. Re1 b4 15. Nd5
Nbxd5 16. exd5 Qa5 17. Bg7 Rg8 18. Bxf6 Bxf6 19. a3 bxa3 20. b3 Bb5 21. c4 Bd7
22. c5 dxc5 23. Ne4 Bh4 24. Nd6+ Kf8 25. Qf3 Rg7 26. Nc4 Qb5 27. Nxe5 Rb8 28.
Bf1 Qb7 29. Bxa6 Qa7 30. Rxa3 Be8 31. d6 f6 32. Rea1 Qb6 33. Rd1 Rd8 34. Nc4
Qb8 35. Qd5 Qb4 36. Ra5 Ra7 37. Rda1 Rda8 38. d7 Bxd7 39. Qd6+ Kg7 40. Nb6 Rxa6
41. Rxa6 Rxa6 42. Qe7+ Kh6 43. Rxa6 Bxg4 44. hxg4 Qxg4+ 45. Kf1 Qf4 1-0

[Event "75. Campeonato Brasileiro 2008 - Semifi"]
[Site "Dois Irmãos BRA"]
[Date "2008.10.31"]
[Round "3.4"]
[White "Fier, Alexandr"]
[Black "Macedo, Maximo Iack"]
[Result "1-0"]
[WhiteElo "2581"]
[BlackElo "2264"]
[PlyCount "37"]
[EventDate "2008.10.30"]
[EventRounds "7"]
[EventCountry "BRA"]
[Source "lmi"]
[SourceDate "2008.10.30"]

1. e4 e6 2. d4 d5 3. Nc3 Bb4 4. e5 Ne7 5. a3 Bxc3+ 6. bxc3 c5 7. Qg4 O-O 8. Bd3
Nbc6 9. Qh5 Ng6 10. Nf3 Nce7 11. h4 Qa5 12. Bd2 f6 13. exf6 Rxf6 14. c4 Qa4 15.
Bg5 Qa5+ 16. Kf1 Qc3 17. Re1 dxc4 18. Bxf6 cxd3 19. Bxe7 1-0

[Event "75. Campeonato Brasileiro 2008 - Semifi"]
[Site "Dois Irmãos BRA"]
[Date "2008.10.31"]
[Round "3.5"]
[White "Brito, Luismar"]
[Black "Lucena, Lincoln"]
[Result "1-0"]
[WhiteElo "2342"]
[BlackElo "2239"]
[PlyCount "53"]
[EventDate "2008.10.30"]
[EventRounds "7"]
[EventCountry "BRA"]
[Source "lmi"]
[SourceDate "2008.10.30"]

1. e4 e5 2. Nf3 d6 3. d4 exd4 4. Nxd4 Nf6 5. Nc3 Be7 6. h3 O-O 7. Be2 Re8 8.
O-O Bf8 9. Bd3 c6 10. Re1 a5 11. Nf3 Nbd7 12. Be3 a4 13. b4 d5 14. Bd2 dxe4 15.
Nxe4 Nxe4 16. Bxe4 Nf6 17. Bd3 Be6 18. a3 b5 19. Ne5 Qc7 20. Qf3 Bd5 21. Qf5 g6
22. Qxf6 Bg7 23. Ng4 Re6 24. Qh4 h5 25. Rxe6 hxg4 26. Re7 Qd6 27. Rae1 1-0

[Event "75. Campeonato Brasileiro 2008 - Semifi"]
[Site "Dois Irmãos BRA"]
[Date "2008.10.31"]
[Round "3.6"]
[White "Chemin, Vitorio"]
[Black "Molina, Roberto Junio Brito"]
[Result "1-0"]
[WhiteElo "2253"]
[BlackElo "2395"]
[PlyCount "73"]
[EventDate "2008.10.30"]
[EventRounds "7"]
[EventCountry "BRA"]
[Source "lmi"]
[SourceDate "2008.10.30"]

1. d4 f5 2. c4 Nf6 3. Nc3 d6 4. Bg5 Nbd7 5. Qc2 g6 6. e4 fxe4 7. Nxe4 Bg7 8.
Nf3 O-O 9. Be2 Nxe4 10. Qxe4 Nf6 11. Qe3 h6 12. Bh4 Bf5 13. O-O Qd7 14. Rfe1
Rae8 15. Rad1 g5 16. Bg3 e6 17. Nd2 Qf7 18. Bf3 Qg6 19. c5 Nd5 20. Bxd5 exd5
21. Qb3 c6 22. Qxb7 dxc5 23. dxc5 Bc8 24. Qxa7 Qc2 25. Nf1 Bd4 26. Ne3 Bxe3 27.
fxe3 Rxe3 28. Rxe3 Qxd1+ 29. Re1 Qd4+ 30. Kh1 Qxb2 31. h3 Qb7 32. Qa4 Bf5 33.
Bd6 Rf7 34. Re8+ Kh7 35. Qd4 Be4 36. Qh8+ Kg6 37. Re6+ 1-0

[Event "75. Campeonato Brasileiro 2008 - Semifi"]
[Site "Dois Irmãos BRA"]
[Date "2008.10.31"]
[Round "3.7"]
[White "Disconzi da Silva, Rodrigo"]
[Black "Borges Da Silva, Rodrigo"]
[Result "1-0"]
[WhiteElo "2352"]
[BlackElo "2247"]
[PlyCount "93"]
[EventDate "2008.10.30"]
[EventRounds "7"]
[EventCountry "BRA"]
[Source "lmi"]
[SourceDate "2008.10.30"]

1. d4 Nf6 2. c4 g6 3. Nc3 Bg7 4. e4 d6 5. f3 O-O 6. Bg5 c5 7. d5 a6 8. Qd2 b5
9. cxb5 axb5 10. Bxb5 Ba6 11. Nge2 Qb6 12. a4 Nbd7 13. O-O Bxb5 14. axb5 Ra5
15. b3 Rfa8 16. Ra4 Ne8 17. Rfa1 Nc7 18. R1a2 h6 19. Be3 Kh7 20. f4 Rxa4 21.
bxa4 Qa5 22. Qc2 Nb6 23. Qb3 c4 24. Qc2 Ncxd5 25. exd5 Nxd5 26. Bd2 Qa7+ 27. b6
Qxb6+ 28. Kh1 Qf2 29. Ra1 Bxc3 30. Nxc3 Ne3 31. Qe4 Qxd2 32. Qxa8 d5 33. Rg1
Qxc3 34. Qa7 d4 35. Qxe7 Kg7 36. Qe5+ Kh7 37. h3 Nf5 38. a5 Qd3 39. a6 Qa3 40.
Qf6 c3 41. Qxf7+ Ng7 42. a7 c2 43. Kh2 d3 44. Qd7 Qa6 45. Qd4 d2 46. Qxd2 Qxa7
47. Qxc2 1-0

[Event "75. Campeonato Brasileiro 2008 - Semifi"]
[Site "Dois Irmãos BRA"]
[Date "2008.10.31"]
[Round "3.9"]
[White "Barreto Filho, Carlos Alberto"]
[Black "Mascarenhas, Alberto Pinheiro"]
[Result "1-0"]
[WhiteElo "2300"]
[BlackElo "2228"]
[PlyCount "151"]
[EventDate "2008.10.30"]
[EventRounds "7"]
[EventCountry "BRA"]
[Source "lmi"]
[SourceDate "2008.10.30"]

1. e4 e6 2. d4 d5 3. Nc3 Bb4 4. e5 c5 5. a3 Bxc3+ 6. bxc3 Ne7 7. Qg4 O-O 8. Bd3
Nbc6 9. Qh5 Nf5 10. Nf3 c4 11. Bxf5 exf5 12. Bg5 f6 13. exf6 gxf6 14. Bf4 Qe8+
15. Qxe8 Rxe8+ 16. Kd2 Bd7 17. Rab1 b6 18. Rhe1 Re4 19. g3 Ne7 20. Ng1 Ng6 21.
f3 Rxe1 22. Rxe1 Re8 23. Ne2 Kf7 24. Bh6 Bc6 25. h4 Rg8 26. h5 Ne7 27. Bf4 Nc8
28. Ng1 Re8 29. Rb1 Re7 30. Nh3 Kg7 31. Nf2 Be8 32. Rh1 Bd7 33. Nd1 Re8 34. Ne3
Be6 35. a4 a6 36. Rb1 Re7 37. Kc1 Rb7 38. Kb2 Ne7 39. Ka3 Nc6 40. Re1 Kf7 41.
Ng2 Bc8 42. Ka2 Re7 43. Rb1 Rb7 44. Bc1 Be6 45. Ba3 Nd8 46. Nf4 b5 47. axb5
Rxb5 48. Re1 Rb7 49. Bb4 a5 50. Bc5 Rb5 51. Ka3 Rb7 52. Ka2 Rb5 53. Bd6 Rb7 54.
Ka3 Rd7 55. Bc5 Rb7 56. Ka2 Rb5 57. Re2 Rb8 58. Bd6 Rb7 59. h6 Rd7 60. Bf8 Rb7
61. Bg7 Rb6 62. Nh5 Bd7 63. Nf4 Be6 64. Re1 Rb7 65. Nh5 Kg6 66. Nxf6 Bf7 67. g4
fxg4 68. Nxg4 Be6 69. Nf6 Bf5 70. Re2 Ne6 71. Rg2+ Kf7 72. Nxd5 Bg6 73. Be5 Rb5
74. Ne3 Nf8 75. Nxc4 Ke6 76. Ne3 1-0

[Event "75. Campeonato Brasileiro 2008 - Semifi"]
[Site "Dois Irmãos BRA"]
[Date "2008.10.31"]
[Round "3.10"]
[White "Gonzalez, Bolivar Ribeiro"]
[Black "Barbosa, Evandro Amorim"]
[Result "1/2-1/2"]
[WhiteElo "2277"]
[BlackElo "2182"]
[PlyCount "181"]
[EventDate "2008.10.30"]
[EventRounds "7"]
[EventCountry "BRA"]
[Source "lmi"]
[SourceDate "2008.10.30"]

1. e4 c5 2. Nf3 Nc6 3. d4 cxd4 4. Nxd4 Nf6 5. Nc3 e5 6. Ndb5 d6 7. Bg5 a6 8.
Na3 b5 9. Nd5 Be7 10. Bxf6 Bxf6 11. c4 b4 12. Nc2 a5 13. b3 O-O 14. Bd3 Be6 15.
Nce3 Bg5 16. h4 Bxe3 17. Nxe3 a4 18. Nc2 Qb6 19. O-O Nb8 20. Rb1 axb3 21. Rxb3
Rxa2 22. Nxb4 Ra8 23. Nd5 Qd8 24. Qh5 Nd7 25. Bb1 Rc8 26. Rc1 Bxd5 27. exd5 Nf6
28. Qd1 g6 29. Bd3 Nh5 30. g3 f5 31. Rb7 Nf6 32. Rcb1 Rc7 33. Qa4 e4 34. Bf1
Qe7 35. Rxc7 Qxc7 36. Qa6 e3 37. Qb6 exf2+ 38. Qxf2 Ne4 39. Qe3 Re8 40. Ra1 Qb8
41. Bg2 Nc5 42. Qc3 Qb6 43. Kh2 Nd7 44. Re1 Ne5 45. Kh3 Qc5 46. Bf1 Qc7 47. Kg2
Rc8 48. Qe3 Qa5 49. Rc1 Qa2+ 50. Kh1 Rc5 51. Be2 Qb2 52. h5 Ra5 53. h6 Qb7 54.
Qg5 Qc8 55. Qf6 Qf8 56. Qxf8+ Kxf8 57. Rb1 Ra8 58. Rb7 Nf7 59. Rc7 Re8 60. Bf3
Rd8 61. Kg2 Kg8 62. c5 dxc5 63. Rxc5 Nxh6 64. Be2 Nf7 65. Ba6 Nd6 66. Rc7 h6
67. Bd3 Ne8 68. Ra7 Nf6 69. Bc4 Rd7 70. Ra6 Kg7 71. Ra5 Ne4 72. Bd3 Nd6 73. Kf3
Kf6 74. Ra8 Nf7 75. Ra5 Ne5+ 76. Ke3 Ng4+ 77. Kd4 Kf7 78. Ra6 Nf6 79. Bc4 Ne4
80. g4 Nd6 81. gxf5 Nxf5+ 82. Ke5 Re7+ 83. Kf4 Rd7 84. Ke5 Ne3 85. Ba2 Ng4+ 86.
Kf4 Nf6 87. d6+ Kf8 88. Ke5 Ne8 89. Be6 Rxd6 90. Rxd6 Nxd6 91. Kxd6 1/2-1/2

[Event "75. Campeonato Brasileiro 2008 - Semifi"]
[Site "Dois Irmãos BRA"]
[Date "2008.10.31"]
[Round "3.11"]
[White "Shumyatsky, Victor"]
[Black "Bueno, Alfeu Junior Varela"]
[Result "1/2-1/2"]
[WhiteElo "2063"]
[BlackElo "2274"]
[PlyCount "87"]
[EventDate "2008.10.30"]
[EventRounds "7"]
[EventCountry "BRA"]
[Source "lmi"]
[SourceDate "2008.10.30"]

1. e4 e6 2. d4 d5 3. Nd2 Nf6 4. e5 Nfd7 5. f4 c5 6. c3 Nc6 7. Ndf3 Qb6 8. a3 a5
9. g3 Ndb8 10. Bd3 Bd7 11. Ne2 a4 12. Bc2 Qa6 13. O-O b5 14. f5 cxd4 15. fxe6
Bxe6 16. cxd4 Qb6 17. Be3 Be7 18. Nf4 Nd7 19. Qd3 g6 20. Kg2 Rc8 21. Rac1 Na5
22. Nxe6 Qxe6 23. Qxb5 Nc4 24. Bf2 Rb8 25. Qxa4 Nxb2 26. Qa5 Nc4 27. Qc3 Bxa3
28. Rb1 O-O 29. Bd3 Ndb6 30. Nd2 Qc6 31. Kg1 Qa4 32. Nxc4 Nxc4 33. Bxc4 dxc4
34. d5 Rb3 35. Qd4 Rd3 36. Qe4 Qc2 37. Rbe1 Rd2 38. Qf3 c3 39. d6 Qb3 40. Be3
Rd3 41. Qe4 Qd5 42. Bh6 Re8 43. e6 Bc5+ 44. Kh1 1/2-1/2

[Event "75. Campeonato Brasileiro 2008 - Semifi"]
[Site "Dois Irmãos BRA"]
[Date "2008.10.31"]
[Round "3.12"]
[White "Cavalcanti, Francisco de Assis"]
[Black "Gomez, Gustavo Pizzocaro"]
[Result "1/2-1/2"]
[WhiteElo "2271"]
[BlackElo "2134"]
[PlyCount "80"]
[EventDate "2008.10.30"]
[EventRounds "7"]
[EventCountry "BRA"]
[Source "lmi"]
[SourceDate "2008.10.30"]

1. d4 Nf6 2. c4 e6 3. Nf3 b6 4. a3 Ba6 5. Qa4 Bb7 6. Nc3 c5 7. dxc5 bxc5 8. e3
Be7 9. Be2 O-O 10. O-O Nc6 11. Rd1 Qb6 12. Rb1 Rfd8 13. Qc2 Rac8 14. Bd3 Na5
15. b3 h6 16. Qe2 d5 17. Bd2 Ne4 18. Be1 f5 19. Qc2 Bf6 20. Ne2 g5 21. Nd2 Nc6
22. cxd5 exd5 23. f3 c4 24. Nxc4 dxc4 25. Bxc4+ Kg7 26. fxe4 Qxe3+ 27. Bf2 Qxe4
28. Qxe4 fxe4 29. Ng3 Be5 30. Nxe4 Nd4 31. Ng3 Kh8 32. Re1 Nc6 33. Nf5 Rf8 34.
g4 Rcd8 35. Rbd1 Bc3 36. Rxd8 Rxd8 37. Rc1 Bb2 38. Rb1 Ne5 39. Be2 Rd2 40. Kf1
Bf3 1/2-1/2

[Event "75. Campeonato Brasileiro 2008 - Semifi"]
[Site "Dois Irmãos BRA"]
[Date "2008.10.31"]
[Round "3.14"]
[White "Mafra, Kaiser Luiz"]
[Black "Calcado, Acyr Rogerio"]
[Result "1/2-1/2"]
[WhiteElo "2148"]
[BlackElo "2184"]
[PlyCount "47"]
[EventDate "2008.10.30"]
[EventRounds "7"]
[EventCountry "BRA"]
[Source "lmi"]
[SourceDate "2008.10.30"]

1. e4 e5 2. Nf3 Nc6 3. Bb5 a6 4. Ba4 Nf6 5. O-O Be7 6. Re1 b5 7. Bb3 d6 8. c3
O-O 9. h3 Na5 10. Bc2 c5 11. d4 cxd4 12. cxd4 Qc7 13. Nbd2 Bd7 14. Nf1 Rac8 15.
Ne3 Nc6 16. Bb3 a5 17. Nd5 Qd8 18. a4 Nxd5 19. exd5 Nxd4 20. Nxd4 exd4 21. axb5
Bf6 22. Bd2 Ra8 23. Bc4 Qb6 24. Ra3 1/2-1/2

[Event "75. Campeonato Brasileiro 2008 - Semifi"]
[Site "Dois Irmãos BRA"]
[Date "2008.10.31"]
[Round "3.15"]
[White "Torres, Douglas Da Silva"]
[Black "Rocha, Cesidio Monteiro"]
[Result "0-1"]
[WhiteElo "2083"]
[BlackElo "2157"]
[PlyCount "86"]
[EventDate "2008.10.30"]
[EventRounds "7"]
[EventCountry "BRA"]
[Source "lmi"]
[SourceDate "2008.10.30"]

1. c4 c5 2. Nc3 g6 3. g3 Bg7 4. Bg2 Nc6 5. Nf3 d6 6. d3 e5 7. O-O Nge7 8. Rb1
O-O 9. a3 a5 10. e4 Rb8 11. Be3 h6 12. Qd2 Kh7 13. h4 f5 14. Nd5 Nxd5 15. cxd5
Nd4 16. Bxd4 cxd4 17. Rbc1 fxe4 18. dxe4 Bg4 19. Nh2 Bd7 20. Nf3 Bb5 21. Rfd1
Qb6 22. h5 g5 23. Nxg5+ hxg5 24. Qxg5 Rf6 25. h6 Rxh6 26. Qf5+ Rg6 27. Bh3 Rf8
28. Qh5+ Rh6 29. Bf5+ Kh8 30. Qg4 d3 31. Rc8 Rxc8 32. Bxc8 Qc7 33. Kg2 Be8 34.
Rxd3 Bh5 35. Qd7 Qc1 36. Qd8+ Kh7 37. Bf5+ Bg6 38. Bxg6+ Kxg6 39. Kf3 Qh1+ 40.
Ke3 Qe1+ 41. Kf3 Kh7 42. Re3 Rf6+ 43. Qxf6 Qh1+ 0-1

[Event "75. Campeonato Brasileiro 2008 - Semifi"]
[Site "Dois Irmãos BRA"]
[Date "2008.10.31"]
[Round "3.16"]
[White "Chaves, Joara"]
[Black "Feliciano, Vanessa"]
[Result "1/2-1/2"]
[WhiteElo "2065"]
[BlackElo "2126"]
[PlyCount "61"]
[EventDate "2008.10.30"]
[EventRounds "7"]
[EventCountry "BRA"]
[Source "lmi"]
[SourceDate "2008.10.30"]

1. e4 c5 2. Nc3 e6 3. f4 d5 4. Bb5+ Bd7 5. Bxd7+ Qxd7 6. d3 Nc6 7. Bd2 O-O-O 8.
Nf3 dxe4 9. Nxe4 f5 10. Nc3 Bd6 11. Nb5 Bb8 12. O-O Nf6 13. Be3 Nd5 14. Bxc5
Bxf4 15. Re1 Bb8 16. d4 h6 17. Qe2 Nf4 18. Qc4 Qd5 19. Qa4 g5 20. Nd6+ Bxd6 21.
c4 Qe4 22. Rxe4 fxe4 23. Bxd6 Rxd6 24. Ne5 Nxe5 25. dxe5 Rd2 26. Qxa7 Rxg2+ 27.
Kh1 Rd8 28. Qa8+ Kc7 29. Qa5+ Kc8 30. Qa8+ Kc7 31. Qa5+ 1/2-1/2

[Event "75. Campeonato Brasileiro 2008 - Semifi"]
[Site "Dois Irmãos BRA"]
[Date "2008.10.31"]
[Round "3.17"]
[White "Pereira, Amanda Marques"]
[Black "Veit, Darlan Rodrigo"]
[Result "1/2-1/2"]
[WhiteElo "1878"]
[BlackElo "2123"]
[PlyCount "102"]
[EventDate "2008.10.30"]
[EventRounds "7"]
[EventCountry "BRA"]
[Source "lmi"]
[SourceDate "2008.10.30"]

1. e4 c5 2. c3 d5 3. exd5 Qxd5 4. d4 Nf6 5. Nf3 Bg4 6. Be2 e6 7. O-O Nc6 8. h3
Bh5 9. Be3 cxd4 10. cxd4 Bxf3 11. Bxf3 Qd7 12. Nc3 Nb4 13. Qb3 Nbd5 14. Nxd5
Nxd5 15. Bxd5 Qxd5 16. Qxd5 exd5 17. Rfe1 Kd7 18. Bf4 Bd6 19. Bxd6 Kxd6 20.
Rac1 Rac8 21. b3 Rhe8 22. Kf1 Rxc1 23. Rxc1 Re4 24. Rd1 h5 25. f3 Re3 26. Kf2
Rc3 27. Rd2 h4 28. g3 hxg3+ 29. Kxg3 Ke6 30. Kf4 Kf6 31. h4 Rc1 32. Kg4 Rg1+
33. Kf4 Rh1 34. Kg3 g6 35. Rc2 Ra1 36. Rc7 Rxa2 37. Rxb7 Rd2 38. Rxa7 Rxd4 39.
Ra4 Ke5 40. Kf2 Rd2+ 41. Ke3 Rb2 42. f4+ Kf5 43. Rb4 Rh2 44. Kd4 Rxh4 45. Kxd5
g5 46. Rb7 gxf4 47. Rxf7+ Kg4 48. b4 f3 49. b5 Rh5+ 50. Kc6 Rf5 51. Rxf5 Kxf5
1/2-1/2